00439nam a22001097a 450000500170000000800410001704000130005808200230007124501870009426000370028130000110031820210526113713.0210526b ||||| |||| 00| 0 eng d cPK-LaUMT aRHC 891.4398bTAK- aTakhleeqi adab = تخلیقی ادب /ccompiled by Pasha Rehman, Mushafaq Khawaja nd Amina Mushafaq = ترتیب پاشا رحمان، مشفق خواجہ اور آمنہ مشفق aKarachi :bAsari Matbuaat,c1980 a660 p.